[Event "Hasselbacken Open 2019"]
[Site "Stockholm"]
[Date "2019.11.02"]
[Round "5.8"]
[White "Dudin, Gleb"]
[Black "Karlsson, Jorgen"]
[Result "1-0"]
[WhiteElo "2314"]
[BlackElo "2088"]
[Annotator "TA"]
[PlyCount "79"]
[EventDate "2019.11.01"]
[EventCountry "SWE"]
[SourceTitle "playchess.com"]
[Source "ChessBase"]
[SourceQuality "1"]

{[%evp 15,79,57,54,40,48,54,43,36,45,24,18,24,47,20,11,6,27,22,72,21,52,27,96,102,108,100,100,100,148,164,140,89,80,86,101,61,77,6,34,-12,-17,-14,15,12,13,0,0,-252,-262,-263,8,0,34,32,41,19,750,744,687,615,758,765,1408,1398,29983,29984]} 1. d4 g6 2. c4 Bg7 3. Nc3 d6 4. e4 Nc6 5. Be3 e5 6. Nge2 f5 7. exf5 Bxf5 8. d5 Nce7 9. Qd2 {A42: Modern Defence: Averbakh Variation} (9. Ng3 Nf6 10. Bd3 O-O 11. O-O Qd7 12. Bg5 Bxd3 13. Qxd3 Nf5 14. Nge4 Nh5 15. Ne2 h6 16. Bd2 Nh4 17. f3 {0-1 (47) Margvelashvili,G (2530)-Xu,X (2545) chess.com INT 2018}) 9... Nf6 10. f3 c6 $146 ({Predecessor:} 10... a6 11. g4 Bd7 12. Ng3 b5 13. h4 Qc8 14. h5 Qb7 15. O-O-O bxc4 16. Bxc4 Qb4 {1-0 (44) Bargan,S (2331)-Petrovic,M (2208) Paracin 2010}) 11. g4 {White is slightly better.} Bd7 12. h4 cxd5 13. cxd5 Qa5 {[%cal Re7d5]} 14. Rd1 O-O 15. Ng3 Rac8 16. Be2 b5 17. a3 (17. h5 $16) 17... a6 18. O-O h5 (18... b4 $11 19. Nce4 Qa4) 19. Bg5 Rce8 20. Nce4 Qxd2 21. Rxd2 Nexd5 22. gxh5 gxh5 23. Nxf6+ (23. Nxd6 $142 Rb8 24. Re1) 23... Nxf6 $16 24. Rxd6 Bc8 25. Rc1 {Hoping for Bd1.} e4 $1 {[#]} 26. Rc7 ({Better is} 26. f4 $1 $16) 26... Re6 27. Rcc6 Rxd6 28. Rxd6 exf3 29. Bxf3 Ng4 30. Bd5+ Kh8 {[#] ...Bd4+ is the strong threat.} 31. Nxh5 $2 {[%mdl 8192]} (31. Be7 $11 Re8 32. Bc6) 31... Bd4+ $19 ({Stronger than} 31... Bxb2 32. Nf4 $11) 32. Kh1 {Black should prevent Nf4.} Bxb2 $2 (32... Rf1+ $19 33. Kg2 Rf2+ {[%mdl 64] Double Attack} 34. Kg3 Be5+ {[%mdl 64] Double Attack} 35. Bf4 Rxf4 36. Nxf4 Bxd6) 33. Nf4 $1 $11 {[%cal Rf4g6] Strongly threatening Ng6+.} Bf5 34. Rxa6 Be5 35. Rb6 Rd8 $2 {[%mdl 8192]} (35... Bh7 $11) 36. Bxd8 $18 Bxf4 37. Bg5 Bxg5 38. hxg5 Nf2+ 39. Kg2 Nh3 40. Rh6+ {Accuracy: White = 42%, Black = 28%.} 1-0

[Event "Hasselbacken Open 2019"]
[Site "Stockholm"]
[Date "2019.11.02"]
[Round "5.9"]
[White "Falkevall, Axel"]
[Black "Kononenko, Dmitry"]
[Result "0-1"]
[WhiteElo "2036"]
[BlackElo "2613"]
[Annotator "TA"]
[PlyCount "50"]
[EventDate "2019.11.01"]
[EventCountry "SWE"]
[SourceTitle "playchess.com"]
[Source "ChessBase"]
[SourceQuality "1"]

{[%evp 10,50,22,12,29,34,60,33,41,32,42,0,0,6,0,0,6,-27,-22,-25,-25,-62,-53,-48,-21,-73,-31,-179,-165,-234,-175,-478,-474,-441,-441,-425,-433,-1228,-1209,-29991,-29992,-29996,-29997]} 1. e4 c6 2. Nc3 d5 3. Nf3 Bg4 4. h3 Bxf3 5. Qxf3 e6 6. Be2 Nd7 {B11: Caro-Kann: Two Knights Variation} (6... Bc5 7. O-O Ne7 8. Qg3 O-O 9. d3 Nd7 10. Kh1 f5 11. Bg5 Bd4 12. Qd6 Bf6 13. f4 Rf7 14. Bxf6 Rxf6 {1-0 (45) Radjabov,T (2758)-Yuffa,D (2577) Khanty-Mansiysk 2019}) 7. d4 g6 8. O-O Bg7 {White is slightly better.} 9. Rd1 Ne7 10. Be3 O-O 11. Bf1 $146 ({Predecessor:} 11. Bf4 f5 12. exd5 exd5 13. Rab1 Nf6 14. b4 Ne4 15. Nxe4 fxe4 {½-½ (44) Gervasi,G (2330)-Micheli,C (2300) Italy 1993}) 11... Re8 12. Qe2 b5 {[%cal Bb7b5,Bb5b4][%mdl 32]} 13. Bg5 b4 14. Na4 Qa5 15. Bxe7 Rxe7 16. Qa6 Qc7 17. e5 (17. Qd3 $11 {remains equal.}) 17... f6 18. f4 ({Better is} 18. exf6 $15 Bxf6 19. a3) 18... Rf8 $19 19. Be2 (19. a3 {might work better.}) 19... g5 ({Stronger than} 19... fxe5 20. fxe5 Nb8 21. Qd3 $11) 20. g3 $2 (20. Rf1 {is more resistant.}) 20... gxf4 21. gxf4 fxe5 22. fxe5 {[#]} Bxe5 $1 {[%mdl 512]} 23. dxe5 (23. Kh1 $142 Rg7 24. Rf1 Bxd4 25. Bg4) 23... Rg7+ 24. Kh1 Qxe5 25. Qd3 Rf2 0-1

[Event "Hasselbacken Open 2019"]
[Site "Stockholm"]
[Date "2019.11.02"]
[Round "5.10"]
[White "Muganlinskij, Hussein"]
[Black "Torngren, Gustav"]
[Result "0-1"]
[WhiteElo "2046"]
[BlackElo "2237"]
[Annotator "NA RC"]
[PlyCount "56"]
[EventDate "2019.11.01"]
[EventCountry "SWE"]
[SourceTitle "playchess.com"]
[Source "ChessBase"]
[SourceQuality "1"]
[TimeControl "5400+30"]

1. d4 {[%emt 0:00:00]} e6 {[%emt 0:03:09]} 2. Nf3 {[%emt 0:00:00]} Nf6 {[%emt 0:00:21]} 3. Bg5 {[%emt 0:00:21]} d5 {[%emt 0:02:40]} 4. Nbd2 {[%emt 0:00:14]} Be7 {[%emt 0:01:13]} 5. e3 {[%emt 0:00:14]} h6 {[%emt 0:01:01]} 6. Bh4 {[%emt 0:00:53]} Nbd7 {[%emt 0:03:03]} 7. Bd3 {[%emt 0:00:22]} b6 {[%emt 0:00:44]} 8. c3 {[%emt 0:05:24]} Bb7 {[%emt 0:01:52]} 9. Qc2 {[%emt 0:00:19]} Rc8 {[%emt 0:04:37]} 10. O-O {[%emt 0:00:44]} O-O {[%emt 0:00:21]} 11. b4 {[%emt 0:00:45]} c5 {[%emt 0:01:46]} 12. bxc5 {[%emt 0:00:26]} bxc5 {[%emt 0:00:15]} 13. Bxf6 {[%emt 0:00:37]} Nxf6 {[%emt 0:04:35]} 14. Rab1 {[%emt 0:03:15]} Bc6 {[%emt 0:08:16]} 15. Ne5 {[%emt 0:04:01]} c4 {[%emt 0:15:36]} 16. Be2 {[%emt 0:02:48]} Be8 {[%emt 0:04:59]} 17. f4 {[%emt 0:10:22]} Qa5 {[%emt 0:00:57]} 18. Rb7 {[%emt 0:03:44]} Ba4 {[%emt 0:02:21]} 19. Qb2 {[%emt 0:00:51]} Bd6 {[%emt 0:04:37]} 20. Rb1 {[%emt 0:12:15]} Rb8 {[%emt 0:02:45]} 21. Ndxc4 {[%emt 0:03:37]} dxc4 {[%emt 0:03:55]} 22. Nxc4 {[%emt 0:00:30]} Rxb7 {[%emt 0:00:23]} 23. Qxb7 {[%emt 0:01:13]} Qxc3 {[%emt 0:05:42]} 24. Qa6 {[%emt 0:10:19]} Bxf4 {[%emt 0:02:05]} 25. exf4 {[%emt 0:06:28]} Qxd4+ {[%emt 0:00:03]} 26. Kh1 {[%emt 0:00:38]} Ne4 {[%emt 0:01:44]} 27. g3 {[%emt 0:07:30]} Nc5 {[%emt 0:00:27]} 28. Qxa7 {[%emt 0:02:14]} Bc6+ {[%emt 0:00:03]} 0-1

[Event "Hasselbacken Open 2019"]
[Site "Stockholm"]
[Date "2019.11.02"]
[Round "6.1"]
[White "Peng, Li Min"]
[Black "Roshka, Yevgeniy"]
[Result "1-0"]
[WhiteElo "2454"]
[BlackElo "2369"]
[Annotator "TA"]
[PlyCount "105"]
[EventDate "2019.11.01"]
[EventCountry "SWE"]
[SourceTitle "playchess.com"]
[Source "ChessBase"]
[SourceQuality "1"]

{[%evp 11,105,8,14,-5,22,16,12,25,38,18,53,0,2,-22,0,-8,0,0,0,0,0,0,0,-33,0,-25,0,-37,-27,-29,0,-26,27,0,75,64,96,74,90,44,44,44,85,74,77,44,77,44,87,29,96,92,92,92,92,92,92,77,92,79,133,123,599,598,744,735,700,689,662,602,577,391,397,403,389,383,410,407,696,633,1182,1143,1050,1029,2239,2222,29966,29986,29987,29988,29988,29983,29992,29990,29990,29987]} 1. e4 c6 2. d4 d5 3. e5 Bf5 4. h4 h5 5. Bd3 Bxd3 6. Qxd3 e6 7. Bg5 {B12: Caro-Kann: Advance Variation} Qa5+ (7... Qb6 $5 {[%cal Rb6b2]}) 8. Nd2 Qa6 9. c4 {The position is equal.} Nd7 10. Ngf3 Ne7 11. Bxe7 $146 (11. O-O $14) ({Predecessor:} 11. O-O Nf5 12. Qc3 Nb6 13. b3 Qa3 14. Qc2 Be7 {1-0 (39) Anton Guijarro,D (2627)-Le,Q (2718) Almaty 2016}) 11... Bxe7 $11 12. Ke2 Rc8 13. Rhc1 Nb6 14. c5 Qxd3+ 15. Kxd3 Nd7 16. Re1 O-O 17. Ng5 Ra8 18. Rec1 Rfb8 19. Rab1 Nf8 20. g3 Rc8 21. a3 b5 ({Black should play} 21... b6) 22. b4 Nh7 (22... Bd8 $11 {remains equal.}) 23. Nh3 Kf8 24. Rc2 Ke8 25. Ra2 a5 26. Rba1 Rcb8 27. Nf4 g6 28. Ne2 Nf8 29. Nb3 Bd8 30. Kc2 (30. a4 $16) 30... Ra7 (30... a4 $11) 31. a4 axb4 32. axb5 Rxa2+ 33. Rxa2 {aiming for b6.} Rxb5 34. Nf4 Rb7 35. Nd3 g5 {[#]} (35... Nh7 $142) 36. hxg5 $1 $16 Bxg5 $2 {[%mdl 8192]} (36... Ng6 $16 {is more resistant.}) 37. Ra8+ $18 Bd8 38. Na5 {[%mdl 64] Double Attack} b3+ 39. Kb2 Rc7 40. Nb4 Kd7 41. Naxc6 {[%csl Gc6][%cal Ra8d8] [#]} Rc8 42. Ra7+ Rc7 43. Ra6 Ng6 44. Na7 Be7 (44... Nxe5 $142 45. dxe5 Rxc5) 45. Nb5 Rc8 {Now ...Nxe5 and Black clings on.} 46. Ra7+ Kd8 47. Nd6 Bxd6 48. exd6 {KRN-KRN} e5 49. c6 {White mates.} Nf8 50. Rxf7 {[%cal Rf7f8]} Ne6 51. Re7 Nc7 52. Rd7+ Ke8 53. dxc7 {Accuracy: White = 51%, Black = 18%.} 1-0

[Event "Hasselbacken Open 2019"]
[Site "Stockholm"]
[Date "2019.11.02"]
[Round "6.2"]
[White "Bogdanov, Egor"]
[Black "Seo, Jung Min"]
[Result "1-0"]
[WhiteElo "2409"]
[BlackElo "2433"]
[Annotator "TA"]
[PlyCount "55"]
[EventDate "2019.11.01"]
[EventCountry "SWE"]
[SourceTitle "playchess.com"]
[Source "ChessBase"]
[SourceQuality "1"]

{[%evp 9,67,-14,-17,-23,20,-11,-14,-7,-8,-10,-12,0,36,26,35,37,48,29,23,31,46,24,14,19,19,30,16,0,38,21,48,43,168,174,391,386,365,370,344,343,944,935,940,950,839,816,29987,1914,2621,0,29983,0,2455,0,29991,29992,29995,29996,29996,29997]} 1. d4 Nf6 2. c4 e6 3. Nc3 Bb4 4. f3 c5 5. d5 b5 6. e4 {E20: Nimzo-Indian: 4 g3 and 4 f3} d6 7. Nge2 (7. Bd2 exd5 8. cxd5 a6 9. a3 Ba5 10. a4 b4 11. Nb1 O-O 12. Bg5 Nbd7 13. Nd2 b3 14. Qxb3 {0-1 (23) Mamedyarov,S (2764)-Rapport,R (2747) Saint Louis 2019}) 7... bxc4 8. Nf4 {The position is equal.} e5 9. Nfe2 $1 Nbd7 10. Ng3 O-O 11. Bxc4 Nb6 12. Be2 c4 13. Be3 Nfd7 14. O-O Bc5 $146 ({Predecessor:} 14... g6 15. Na4 Nxa4 16. Qxa4 {½-½ (55) Legemaat,G (2345)-Bolz,B (2338) ICCF email 2016}) 15. Qd2 Bxe3+ 16. Qxe3 Nc5 17. f4 {aiming for fxe5.} exf4 18. Rxf4 f6 19. Nb5 Re8 20. Raf1 {Hoping for Nh5.} Ba6 {[#]} ({Black should play} 20... Kh8 $14 21. Qf3 Re5) 21. Rg4 $1 $18 Bc8 $2 {[#]} (21... Re5) 22. Rxg7+ $1 {[%mdl 512]} Kxg7 23. Nh5+ Kh8 24. Nxf6 {And now Nxd6! would win.} Re7 $2 (24... Re5) 25. Qd4 {White threatens Ne8+ and mate.} Re5 {[#]} 26. Ne8 $1 {[%cal Rf1f8][%mdl 576] Pin} Kg8 (26... Qxe8 27. Nxd6) 27. Nbxd6 Ncd7 {[#]} 28. Bg4 {Played: Ne8-f6} 1-0

[Event "Hasselbacken Open 2019"]
[Site "Stockholm"]
[Date "2019.11.02"]
[Round "6.3"]
[White "Namini, Armin"]
[Black "Akesson, Ralf"]
[Result "0-1"]
[WhiteElo "2249"]
[BlackElo "2370"]
[Annotator "TA"]
[PlyCount "78"]
[EventDate "2019.11.01"]
[EventCountry "SWE"]
[SourceTitle "playchess.com"]
[Source "ChessBase"]
[SourceQuality "1"]

{[%evp 11,78,-4,0,0,0,-27,-10,-22,-8,-6,-2,-20,-22,-19,-4,-31,-18,-20,0,-6,-7,-33,-43,-63,-61,-53,-52,-42,-52,-57,-42,-77,-66,-91,-91,-91,-87,-86,-93,-110,-107,-104,0,-98,-86,-158,-132,-152,-155,-145,-147,-176,-180,-196,-185,-264,-213,-210,-191,-189,-191,-211,-218,-205,-208,-193,-188,-545,-527]} 1. c4 e6 2. g3 d5 3. Bg2 Nf6 4. Nf3 dxc4 5. Na3 Bxa3 6. bxa3 O-O 7. O-O {A13: English Opening: 1...e6} b6 8. Bb2 Bb7 9. Qc2 {The position is equal.} Nbd7 10. Qxc4 c5 11. Rfd1 $146 ({Predecessor:} 11. Qc2 Qe7 12. d3 Rac8 13. a4 Ba8 14. a5 b5 {0-1 (36) Todorovic,G (2318)-Delchev,A (2552) Skopje 2018}) 11... Rc8 12. d3 Qc7 13. Qh4 Qb8 14. Rac1 Rfd8 15. Qg5 h6 16. Qh4 Bd5 17. g4 Bxf3 18. Bxf3 Ne5 19. Qg3 Nxf3+ 20. Qxf3 e5 21. Qg3 Re8 22. Rc2 Re6 23. h3 Rce8 24. Rc4 Qd6 25. Rf1 Nd5 26. Re4 Nf6 27. Rc4 Qd5 28. e4 ({White should play} 28. Rfc1) 28... Qd6 29. f4 exf4 30. Rxf4 Nh7 31. e5 Qd5 32. h4 Nf8 33. g5 (33. Rf5 {is a better defense.}) 33... h5 34. Qf3 Qxf3 35. Rxf3 Ng6 36. d4 cxd4 ({Resist} 36... Nxh4 37. Rh3) 37. Bxd4 Nxh4 38. Rh3 Nf5 {[#] Strongly threatening ...b5.} 39. Rxh5 $2 (39. Bc3) 39... b5 {Accuracy: White = 34%, Black = 67%.} 0-1

[Event "Hasselbacken Open 2019"]
[Site "Stockholm"]
[Date "2019.11.02"]
[Round "6.4"]
[White "Thorn, Eric"]
[Black "Mirzoev, Emil"]
[Result "0-1"]
[WhiteElo "2229"]
[BlackElo "2455"]
[Annotator "TA"]
[PlyCount "64"]
[EventDate "2019.11.01"]
[EventCountry "SWE"]
[SourceTitle "playchess.com"]
[Source "ChessBase"]
[SourceQuality "1"]

{[%evp 18,64,93,85,89,86,89,91,101,49,50,59,53,65,56,55,59,47,89,0,31,32,39,32,32,22,14,8,83,-62,-62,-62,-62,-58,-34,-100,-88,-104,-100,-106,-125,-119,-119,-319,-150,-513,-513,-1085,-1099]} 1. d4 Nf6 2. c4 c5 3. d5 g6 4. Nc3 Bg7 5. e4 O-O 6. Bd3 d6 7. h3 e6 8. Nf3 Na6 9. O-O e5 10. Bg5 h6 {E90: King's Indian: Classical: Early deviations and 6 h3} 11. Be3 Nh5 12. Qd2 Kh7 {White is better.} (12... Qf6 13. Bxh6 Bxh6 14. Qxh6 Nf4 15. Ng5 Qg7 16. Qxg7+ Kxg7 17. Bc2 Rh8 18. Bd1 {0-1 (60) Grandelius,N (2623)-Hansen,C (2621) Oslo 2015}) 13. g4 (13. a3 $16) 13... Qf6 $1 $14 {[%cal Rf6f3]} 14. Kg2 {Ne2 is the strong threat.} Nf4+ $1 15. Bxf4 $1 Qxf4 $146 ({Predecessor:} 15... exf4 16. Rfe1 Re8 17. Re2 Nb4 18. Rae1 Nxd3 19. Qxd3 {1-0 (34) Lalic,B (2522)-Barrero Garcia,C (2335) Coria del Rio 2007}) 16. Qxf4 exf4 17. Rae1 Re8 18. Re2 (18. Nb5 $16) 18... Bd7 (18... Bxc3 $5 19. bxc3 f6 $14) 19. Rfe1 Be5 20. Nxe5 Rxe5 21. Kf3 g5 $1 22. a3 h5 (22... Nc7 $11 {keeps the balance.}) 23. Nb5 (23. gxh5 $16 Kh6 24. Rg1) 23... hxg4+ $15 24. hxg4 Bxb5 $1 25. cxb5 Nb8 26. b4 (26. Rh1+ $15 Kg7 27. Kg2) 26... Nd7 $17 27. Kg2 Kg7 28. Rh1 Ree8 29. Rc2 Rh8 30. Rd1 $2 {[#]} (30. Rxh8 $17 Rxh8 31. Be2) 30... Kf6 (30... cxb4 $19 {Strongly threatening ...Ne5.} 31. axb4 Rh4) 31. e5+ $2 (31. f3 $17) 31... Nxe5 $19 32. bxc5 (32. Be2 $142 Rh4 33. Rg1) 32... f3+ {Accuracy: White = 23%, Black = 62%.} 0-1

[Event "Hasselbacken Open 2019"]
[Site "Stockholm"]
[Date "2019.11.02"]
[Round "6.6"]
[White "Sorensen, Hampus"]
[Black "Johansson, Gunnar"]
[Result "1-0"]
[WhiteElo "2330"]
[BlackElo "2252"]
[Annotator "TA"]
[PlyCount "39"]
[EventDate "2019.11.01"]
[EventCountry "SWE"]
[SourceTitle "playchess.com"]
[Source "ChessBase"]
[SourceQuality "1"]

{[%evp 23,39,8,8,21,11,-42,-44,-43,-1,-13,172,78,576,362,765,764,758,466]} 1. d4 d5 2. c4 c6 3. Nf3 Nf6 4. Nc3 e6 5. e3 Nbd7 6. Bd3 dxc4 7. Bxc4 b5 8. Bd3 Bb7 9. O-O a6 10. e4 c5 11. d5 Qc7 12. dxe6 fxe6 13. Ng5 {D48: Semi-Slav: Meran System: 7...b5 8 Bd3 a6} Qc6 $1 14. a4 (14. Be2 $11) (14. Be2 Rd8 15. a4 b4 16. Nb1 Ne5 17. Nd2 h6 18. f4 hxg5 19. fxe5 Qc7 20. Qb3 Qxe5 {0-1 (46) Wang,H (2709)-Ding,L (2777) Huaian 2017}) 14... b4 $15 {Threatens to win with ...h6.} 15. Ne2 {Black is slightly better.} h6 16. Nf3 Nxe4 $146 {[#]} (16... O-O-O $11) ({Predecessor:} 16... O-O-O 17. Ng3 g5 18. b3 g4 19. Nd2 h5 20. Bb2 h4 21. Ne2 Bd6 22. Qc2 Ne5 23. Nc4 Nxd3 24. Bxf6 Qxe4 25. f3 gxf3 26. Bxd8 Qg4 27. Nxd6+ Kb8 {0-1 (27) Lorin,F (2202)-Trembecki,L ICCF email 2006}) 17. Ng3 (17. Re1 $1 $18 {and the rest is easy. Strongly threatening Bxe4.} O-O-O 18. Ned4 cxd4 19. Bxe4 (19. Nxd4 Nxf2 {[%mdl 64] Discovered Attack} 20. Nxc6 Nxd1 $17)) 17... Ndf6 $2 {[%mdl 8192]} (17... Nxg3 $16 {is tougher.} 18. Bg6+ Kd8 19. hxg3 Kc7) 18. Nxe4 {Ne5 is the strong threat.} Nxe4 $2 (18... O-O-O 19. Nxf6 gxf6) 19. Ne5 $18 Qd5 20. Bxe4 1-0

[Event "Hasselbacken Open 2019"]
[Site "Stockholm"]
[Date "2019.11.02"]
[Round "6.7"]
[White "Soderstrom, Adrian"]
[Black "Dudin, Gleb"]
[Result "0-1"]
[WhiteElo "1960"]
[BlackElo "2314"]
[Annotator "RC"]
[PlyCount "82"]
[EventDate "2019.11.01"]
[EventCountry "SWE"]
[SourceTitle "playchess.com"]
[Source "ChessBase"]
[SourceQuality "1"]
[TimeControl "5400+30"]

1. e4 {[%emt 0:02:36]} d6 {[%emt 0:01:05]} 2. d4 {[%emt 0:00:32]} g6 {[%emt 0:00:06]} 3. c4 {[%emt 0:01:33]} Bg7 {[%emt 0:00:08]} 4. Nc3 {[%emt 0:00:06]} e5 {[%emt 0:01:18]} 5. Nf3 {[%emt 0:00:17]} Bg4 {[%emt 0:03:13]} 6. d5 {[%emt 0:02:40]} Nd7 {[%emt 0:02:55]} 7. Be2 {[%emt 0:01:59]} Bxf3 {[%emt 0:01:50]} 8. Bxf3 {[%emt 0:00:21]} h5 {[%emt 0:01:10]} 9. Be2 {[%emt 0:07:46]} a5 {[%emt 0:01:23]} 10. Be3 {[%emt 0:01:07]} Bh6 {[%emt 0:00:15]} 11. Bxh6 {[%emt 0:00:47]} Nxh6 {[%emt 0:01:46]} 12. a3 {[%emt 0:01:33]} O-O {[%emt 0:03:31]} 13. O-O {[%emt 0:02:58]} Nc5 {[%emt 0:17:27]} 14. b4 {[%emt 0:04:03]} axb4 {[%emt 0:01:19]} 15. axb4 {[%emt 0:00:02]} Rxa1 {[%emt 0:00:08]} 16. Qxa1 {[%emt 0:00:01]} Nb3 {[%emt 0:00:11]} 17. Qa7 {[%emt 0:00:13]} b6 {[%emt 0:02:41]} 18. Nb5 {[%emt 0:05:41]} Nd2 {[%emt 0:02:42]} 19. Ra1 {[%emt 0:00:32]} Nxe4 {[%emt 0:09:41]} 20. Qxc7 {[%emt 0:00:44]} Qh4 {[%emt 0:28:51]} 21. Qxb6 {[%emt 0:01:39]} Nf5 {[%emt 0:02:23]} 22. Bd3 {[%emt 0:06:09]} Nd4 {[%emt 0:09:37]} 23. Bxe4 {[%emt 0:09:05]} Qxe4 {[%emt 0:00:19]} 24. Nxd4 {[%emt 0:18:37]} exd4 {[%emt 0:00:10]} 25. Qxd6 {[%emt 0:00:08]} Re8 {[%emt 0:00:34]} 26. h3 {[%emt 0:00:20]} d3 {[%emt 0:02:15]} 27. Qf6 {[%emt 0:09:59]} d2 {[%emt 0:02:47]} 28. Kh2 {[%emt 0:00:48]} Qe1 {[%emt 0:00:45]} 29. c5 {[%emt 0:13:06]} d1=Q {[%emt 0:00:43]} 30. Rxd1 {[%emt 0:00:06]} Qxd1 {[%emt 0:00:04]} 31. Qf3 {[%emt 0:03:00]} Qd4 {[%emt 0:00:35]} 32. d6 {[%emt 0:00:31]} Rb8 {[%emt 0:02:03]} 33. Qg3 {[%emt 0:00:50]} h4 {[%emt 0:00:28]} 34. Qg4 {[%emt 0:01:35]} Rxb4 {[%emt 0:01:06]} 35. d7 {[%emt 0:00:34]} Qe5+ {[%emt 0:00:53]} 36. f4 {[%emt 0:00:41]} Qc7 {[%emt 0:00:54]} 37. c6 {[%emt 0:00:09]} Rd4 {[%emt 0:00:34]} 38. Qxh4 {[%emt 0:00:18]} Kg7 {[%emt 0:00:29]} 39. Qg5 {[%emt 0:00:46]} f6 {[%emt 0:00:16]} 40. Qg4 {[%emt 0:02:57]} Qxc6 {[%emt 0:00:15]} 41. f5 {[%emt 0:01:27]} Qd6+ {[%emt 0:00:07]} 0-1

[Event "Hasselbacken Open 2019"]
[Site "Stockholm"]
[Date "2019.11.02"]
[Round "6.8"]
[White "Kononenko, Dmitry"]
[Black "Adahl, Mattias"]
[Result "1-0"]
[WhiteElo "2613"]
[BlackElo "2075"]
[Annotator "TA"]
[PlyCount "53"]
[EventDate "2019.11.01"]
[EventCountry "SWE"]
[SourceTitle "playchess.com"]
[Source "ChessBase"]
[SourceQuality "1"]

{[%evp 11,55,7,27,21,43,45,62,52,58,55,74,83,59,41,142,126,340,356,428,433,456,441,575,508,677,663,825,822,1454,1072,1043,1072,1048,782,767,779,29988,29989,29997,29976,29976,29977,12806,5589,29995,29996]} 1. e4 c6 2. d4 d5 3. exd5 cxd5 4. c4 Nf6 5. Nc3 Nc6 6. Nf3 a6 7. Bg5 {B13: Caro-Kann: Exchange Variation and Panov-Botvinnik Attack} (7. cxd5 Nxd5 8. Bc4 Be6 9. Bb3 Na5 10. Ng5 Nxc3 11. bxc3 Bd5 12. O-O e6 13. Re1 Nxb3 14. axb3 Be7 15. Qh5 g6 {1-0 (24) Frolyanov,D (2556)-Riazantsev,A (2645) Skolkovo 2019}) 7... dxc4 8. Bxc4 b5 9. Bb3 {White is slightly better.} h6 $146 ({Predecessor:} 9... Bg4 10. Be3 g6 11. h3 Bf5 12. Ng5 e6 13. g4 b4 14. gxf5 bxc3 15. fxe6 Qa5 16. exf7+ Kd7 17. bxc3 Qxc3+ 18. Kf1 Ba3 19. d5 Ne5 20. Bd4 Qc7 21. Qe2 {1-0 (21) Thomson,N (2000)-Borowski,P (1804) Krakow 2017}) 10. Bxf6 $40 {[%mdl 128] White mounts an attack.} gxf6 11. d5 Na5 12. Nd4 h5 (12... Rg8 $14) 13. O-O $16 h4 $2 (13... Bg7 $16) 14. Re1 $18 Bg7 {[#]} 15. Qf3 $1 ({Less strong is} 15. Nc6 Nxc6 16. dxc6 Qxd1 $16) 15... Ra7 16. Rad1 Qd7 {[#]} 17. d6 $1 {[%mdl 512]} e5 (17... Qxd6 18. Ndxb5) 18. Nd5 Rh6 19. Nb6 Bb7 20. Bd5 ({Not} 20. Nxd7 Bxf3 21. Nxf6+ (21. gxf3 Rxd7 22. Bd5 Bf8 $16) 21... Bxf6 $16) 20... Qxd6 21. Nf5 Qxb6 22. Nxg7+ Kf8 23. Nf5 Rh8 24. Qg4 Rg8 25. Qxh4 Bxd5 26. Rxd5 Ke8 27. Nd6+ {Played: Rd5-d6} 1-0

[Event "Hasselbacken Open 2019"]
[Site "Stockholm"]
[Date "2019.11.02"]
[Round "6.9"]
[White "Torngren, Gustav"]
[Black "Baumgarten, Thomas"]
[Result "1-0"]
[WhiteElo "2237"]
[BlackElo "1925"]
[Annotator "RC"]
[PlyCount "63"]
[EventDate "2019.11.01"]
[EventCountry "SWE"]
[SourceTitle "playchess.com"]
[Source "ChessBase"]
[SourceQuality "1"]
[TimeControl "5400+30"]

1. d4 {[%emt 0:00:00]} d5 {[%emt 0:00:00]} 2. c4 {[%emt 0:00:00]} e6 {[%emt 0:00:05]} 3. Nc3 {[%emt 0:00:00]} Nf6 {[%emt 0:00:11]} 4. cxd5 {[%emt 0:01:10]} exd5 {[%emt 0:00:07]} 5. Bg5 {[%emt 0:00:16]} Be7 {[%emt 0:00:19]} 6. e3 {[%emt 0:00:14]} c6 {[%emt 0:01:06]} 7. Bd3 {[%emt 0:00:13]} O-O {[%emt 0:01:00]} 8. Qc2 {[%emt 0:03:53]} h6 {[%emt 0:00:30]} 9. Bh4 {[%emt 0:05:54]} Re8 {[%emt 0:01:29]} 10. Nf3 {[%emt 0:12:31]} Nbd7 {[%emt 0:04:10]} 11. O-O-O {[%emt 0:01:18]} b5 {[%emt 0:04:10]} 12. Rdg1 {[%emt 0:01:18]} a5 {[%emt 0:10:22]} 13. g4 {[%emt 0:06:30]} Ne4 {[%emt 0:09:58]} 14. Bxe7 {[%emt 0:07:55]} Qxe7 {[%emt 0:00:33]} 15. Bxe4 {[%emt 0:00:22]} dxe4 {[%emt 0:00:19]} 16. Nd2 {[%emt 0:00:12]} Bb7 {[%emt 0:02:04]} 17. g5 {[%emt 0:05:40]} hxg5 {[%emt 0:04:13]} 18. Qd1 {[%emt 0:17:33]} c5 {[%emt 0:07:38]} 19. Qh5 {[%emt 0:00:45]} cxd4 {[%emt 0:01:45]} 20. Ne2 {[%emt 0:17:57]} dxe3 {[%emt 0:14:32]} 21. fxe3 {[%emt 0:00:01]} Qc5+ {[%emt 0:08:03]} 22. Kb1 {[%emt 0:00:01]} Nf6 {[%emt 0:05:53]} 23. Rxg5 {[%emt 0:01:13]} Qxe3 {[%emt 0:01:43]} 24. Qh6 {[%emt 0:00:22]} Qd3+ {[%emt 0:06:59]} 25. Ka1 {[%emt 0:00:00]} g6 {[%emt 0:00:20]} 26. Rxg6+ {[%emt 0:00:40]} fxg6 {[%emt 0:00:09]} 27. Qxg6+ {[%emt 0:00:04]} Kh8 {[%emt 0:00:24]} 28. Qxf6+ {[%emt 0:00:02]} Kh7 {[%emt 0:00:40]} 29. Qf7+ {[%emt 0:01:29]} Kh8 {[%emt 0:01:35]} 30. Rg1 {[%emt 0:00:55]} Re7 {[%emt 0:03:04]} 31. Qh5+ {[%emt 0:00:17]} Rh7 {[%emt 0:00:20]} 32. Qe5+ {[%emt 0:00:06]} 1-0